000 00813nam a2200241 a 4500
001 21271
003 CO-ViMGA
008 141112s2004 ck r 000 u spa d
020 _a9681836820
040 _aCO-ViMGA
_bspa
_cCO-ViMGA
082 0 4 _a371.302 Q837e
100 1 _aQuesada, Rocío
_930319
245 1 0 _aEjercicios para preparar informes escritos :
_bGuía del estudiante
260 _aMexico; Limusa,
_c1995
300 _a39
490 _aGuía del estudiante
505 _aPasos para elaborar informes escritos 8
590 _aForma de adquisición : Compra fact. 0858 - - Precio : 15000 - - Proveedor : Temas y libros - - Fecha de adquisición : Mayo 2007
650 1 4 _aARTE DE ESCRIBIR
_922899
650 1 4 _aINFORMES - GUIA
_930320
650 1 4 _aMETODOS DE ENSEÑANZA
_94790
942 _2ddc
_cBK
999 _c29899
_d29899